000 00485nam a22001937a 4500
003 MPLRDC
005 20220104142557.0
008 210129b ||||| |||| 00| 0 eng d
020 _a957-8468-05-9
082 _a191 WSR
100 _a温世仁
245 _a成功致富又快乐
_c蔡志忠绘图
250 _a初版一刷
260 _a
_b大块文化出版股份有限公司
_c1996
300 _b
490 _aSMILE. 3
650 _a人生哲学
942 _cBK
_o191 WSR
999 _c32009
_d31999